Biology concepts and interventions (Record no. 3822)

MARC details
000 -LEADER
fixed length control field 00409nam a22001577a 4500
008 - FIXED-LENGTH DATA ELEMENTS--GENERAL INFORMATION
fixed length control field 250605b |||||||| |||| 00| 0 eng d
020 ## - INTERNATIONAL STANDARD BOOK NUMBER
ISBN 9781260575880
100 ## - MAIN ENTRY--AUTHOR
Author Hoofnagle's Marielle
245 ## - TITLE STATEMENT
Title Biology concepts and interventions
250 ## - EDITION STATEMENT
Edition statement 5th
260 ## - PUBLICATION, DISTRIBUTION, ETC. (IMPRINT)
Place of publication New York
Name of publisher McGraw Hill Education
Date of publication 2021
300 ## - COLLATION
Pagination 826p
650 ## - TRACINGS
Main Subject Biology textbook
942 ## - ADDED ENTRY ELEMENTS (KOHA)
Item type Books
050 ## - LIBRARY OF CONGRESS CALL NUMBER
Classification number QH 307.2
Item number .H 54
Holdings
Source of classification or shelving scheme Not for loan Permanent location Current location Date acquired Accession No. Full call number Barcode. Koha item type
Library of Congress Classification   Samuel Ogbemudia Main Library, University of Abuja Samuel Ogbemudia Main Library, University of Abuja 06/05/2025 2024/62378 QH 307.2 .H 54 2025-2444 Books